|
|
|
|
| LEADER |
00722nam a22002051a 4500 |
| 001 |
c000107602 |
| 003 |
CARM |
| 005 |
19960703000000.0 |
| 008 |
860807s1939 enk 000 0 eng d |
| 019 |
1 |
|
|a 12469460
|5 LACONCORD2021
|
| 035 |
|
|
|a (OCoLC)10879244
|5 LACONCORD2021
|
| 040 |
|
|
|a QU
|b eng
|c QU
|
| 050 |
0 |
0 |
|a PR6005.H348
|b H3
|
| 100 |
1 |
|
|a Charteris, Leslie,
|d 1907-1993.
|
| 245 |
1 |
4 |
|a The happy highwayman.
|
| 260 |
|
|
|a London :
|b Hodder & Stoughton,
|c [1939].
|
| 300 |
|
|
|a 287p ;
|c 18cm.
|
| 852 |
8 |
|
|b CARM
|h A2:AJ05G0
|i A02234
|p 0155176
|f BK
|
| 999 |
f |
f |
|i ef5b2368-f9ca-59a5-b746-e22108bba4f5
|s 5cdbded7-65d8-5612-950b-cb0eb8ddcfeb
|
| 952 |
f |
f |
|p Can circulate
|a CAVAL
|b CAVAL
|c CAVAL
|d CARM 1 Store
|e A02234
|f A2:AJ05G0
|h Other scheme
|i book
|m 0155176
|